Teoría del arte moderno.
Guardat en:
| Autor principal: | |
|---|---|
| Altres autors: | |
| Format: | Llibre |
| Idioma: | espanyol |
| Publicat: |
Buenos Aires, Argentina:
Cactus,
2007.
|
| Col·lecció: | Perenne.
|
| Matèries: | |
| Etiquetes: |
Afegir etiqueta
Sense etiquetes, Sigues el primer a etiquetar aquest registre!
|
MARC
| LEADER | 00000nam a2200000 a 4500 | ||
|---|---|---|---|
| 001 | UCI2429 | ||
| 003 | CL-VaPUC | ||
| 005 | 20240731102537.0 | ||
| 008 | 070824e20070000AG |||||||||||||||||spa|d | ||
| 999 | |c 327004 |d 327002 | ||
| 020 | |a 9789872100070 | ||
| 040 | |c Pontificia Universidad Católica de Valparaíso | ||
| 082 | 0 | 4 | |a 701 KLE 2007 |2 21 |
| 100 | |a Klee, Paul |e autor |9 859279 | ||
| 245 | 1 | 0 | |a Teoría del arte moderno. |
| 260 | |a Buenos Aires, Argentina: |b Cactus, |c 2007. | ||
| 300 | |a 121 páginas. | ||
| 490 | 0 | |a Perenne. | |
| 583 | |a last modification |c 20070824 00:00:00 |k Rodrigo Vera | ||
| 650 | 0 | |a Filosofía del arte |9 264951 | |
| 650 | 0 | |a Arte moderno |9 265333 | |
| 650 | 0 | |a Crítica de arte |9 334590 | |
| 650 | 0 | |a Estética |9 264950 | |
| 650 | 0 | |a Artes |9 268202 | |
| 650 | 0 | |a Filosofía moderna |9 258121 | |
| 700 | |a Ires, Pablo |e traductor |9 886091 | ||
| 852 | |a BIBCUR | ||
| 942 | |c BK |2 ddc | ||
| 945 | |d 20070824 00:00:00 |a rbrito | ||
| 952 | |0 0 |1 0 |4 0 |6 701_000000000000000_KLE_2007 |7 0 |8 R |9 409342 |a BIBART |b BIBART |d 2019-11-22 |i 4367006 |l 4 |m 1 |o 701 KLE 2007 |p 4367006 |r 2025-03-13 |s 2023-11-21 |w 2019-11-22 |y BK_R |k ART | ||
| 952 | |0 0 |1 0 |2 ddc |4 0 |6 701_000000000000000_KLE_2007 |7 0 |8 A |9 592584 |a BIBARQ |b BIBARQ |c GEN |d 2023-11-20 |e 3 |g 9310.00 |i 5659589 |o 701 KLE 2007 |p 5659589 |r 2025-01-20 |t 2 |v 9310.00 |w 2023-11-20 |y BK |k ARQ | ||